| 000 | 00686nam a2200205 a 4500 | ||
|---|---|---|---|
| 001 | 8296 | ||
| 003 | CO-ViMGA | ||
| 008 | 141112s2004 ck r 000 u spa d | ||
| 020 | _a9588012163 | ||
| 040 |
_aCO-ViMGA _bspa _cCO-ViMGA |
||
| 082 | 0 | 4 | _a843.5 Ch15h |
| 100 | 1 |
_aChamisso, Adalbert von _98170 |
|
| 245 | 1 | 0 |
_aEl hombre que perdio su sombra o la maravillosa historia de peter Schlemihl / _cChamisso Adallbert von |
| 260 |
_aMedellin, _cCometa de papel, _c1997 |
||
| 300 | _a107 p. | ||
| 490 | _acometa para jovenes y adultos | ||
| 590 | _aForma de adquisición : donacion - - Proveedor : Biblioteca Luis Ángel Arango | ||
| 650 | 1 | 4 |
_aCUENTOS FRANCESES _91078 |
| 942 |
_2ddc _cBK |
||
| 999 |
_c20103 _d20103 |
||